đŸŽ¶Paroles "L'Ă©ternelle histoire" Anne Sylvestre - Statistiques

Statistiques générales
  • Ce quiz a Ă©tĂ© pris 8 fois
  • Le rĂ©sultat moyen est 135 sur 323
Statistiques - réponses
Mots % Correct
Ă 
100%
Et
100%
histoire
100%
éternelle
86%
d'
71%
de
71%
s'
71%
C'
57%
est
57%
il
57%
l'
57%
n'
57%
N'
57%
on
57%
On
57%
qu'
57%
Qu'
57%
Que
57%
que
57%
aurait
43%
avait
43%
ça
43%
Car
43%
ce
43%
comme
43%
des
43%
du
43%
elle
43%
Elle
43%
lĂ ,
43%
lĂ 
43%
la
43%
La
43%
le
43%
les
43%
Mais
43%
pour
43%
Pour
43%
Quand
43%
quand
43%
qui
43%
Se
43%
se
43%
ses
43%
son
43%
un
43%
une
43%
y
43%
ailes
29%
aimait
29%
aime
29%
aime,
29%
allait
29%
amour
29%
amusait
29%
arrĂȘte,
29%
arrĂȘte
29%
attendre
29%
Avec
29%
avec
29%
avertisse
29%
bas,
29%
bas
29%
belle
29%
bien
29%
bout
29%
bruit
29%
brûlent
29%
cacher
29%
celui
29%
Celui
29%
chanson
29%
cƓur
29%
Combien
29%
cÎté,
29%
cÎté
29%
coups
29%
couteau
29%
crever,
29%
croix
29%
Croyez
29%
déclarer
29%
défaisait,
29%
demandait
29%
dentelles
29%
dépose
29%
déraison
29%
dessus,
29%
dessus
29%
doigts,
29%
Dont
29%
en
29%
enfin
29%
était
29%
ĂȘtre
29%
existait
29%
fardeau
29%
ferait
29%
fĂȘte
29%
fidĂšle
29%
fille
29%
gardait
29%
je
29%
jugerez
29%
justice,
29%
lui
29%
mieux
29%
moitié
29%
mourait
29%
ne
29%
non
29%
par
29%
pas,
29%
pas
29%
passait
29%
passerelle,
29%
Pendant
29%
pense
29%
petits
29%
plus
29%
pourrait
29%
prison
29%
pu
29%
putain
29%
quelquefois
29%
ridicule
29%
rien
29%
Sans
29%
servait
29%
Si
29%
Tandis
29%
tombe
29%
toujours
29%
tout
29%
Tout
29%
trace
29%
traĂźne,
29%
vit
29%
vivait
29%
volé
29%
voleur,
29%
voleur
29%
vous
29%
Vous
29%
yeux
29%
Aucun quiz correspondant
Distribution des résultats
% des personnes avec chaque résultat
Percentile par nombre de réponses
Votre historique - résultats
Vous n’avez pas pris ce quiz